000 00623nam a2200229Ia 4500
003 OSt
005 20220928115635.0
006 a|||||r|||| 00| 0
007 ta
008 220927b |||||||| |||| 00| 0 eng d
024 _a32130
037 _cTextual
040 _aSDCL
_cSDCL
_beng
041 _2eng
_aeng
082 _aG9X:f3, N5
100 _aKornberg Arthur
_9445300
245 0 _aGolden Helix
_b Inside Biotechnology Ventures.
260 _aNew Delhi
_bPanima Publishing
_c1995
300 _axi,287p
_ccm.
942 _hG9X:f3, N5
_cTEXL
_2CC
999 _c760266
_d760266